000 00293nam a22001337a 4500
008 181023b xxu||||| |||| 00| 0 eng d
020 _a9781111531010
041 _aeng
080 _211th
_a336
100 _a56
101 _aFIN
245 _aPersonal Finance
_cGarman,E.Th
942 _2udc
_cBK
999 _c50634
_d50634